LEADER 01123nam a2200229 i 4500 001 000000224949 003 CaOOAMICUS 005 20131115000000.0 008 131115s1909 it u000 u ita u 013 $a203847 040 $aSeMil$bita 100 1 $aSimcox, William Henry.$0(OLS)http://semarc/name/78245 245 13$aLa lingua del Nuovo Testamento :$bgrammatica greca ad uso degli studenti del corso teologico /$cWilliam Henry Simcox. 250 $aUnica traduzione italiana autorizzata dall'autore su la 4. edizione inglese per opera del sac. Prof. A. B. 260 $aRoma :$bFerrari,$c1909. 300 $a244 p. ;$c19 cm. 650 4$aLingua greca - Grammatica, sintassi etc.$0(OLS)http://semarc/subject/710 650 4$aBibbia - NT - Lingua greca - Grammatica.$0(OLS)http://semarc/subject/4321 850 $aSeMil 852 $aSeMil$W1$xVenegono$y1$m2W I 77$j175295$B175295$CSeMilBibl$Z2$F185203 $81 996 $6245$aLa lingua del Nuovo Testamento :$bgrammatica greca ad uso degli studenti del corso teologico$9(OLS)http://semarc/title/322304 996 $6260$aRoma :$bFerrari$9(OLS)http://semarc/publisher/30939 LEADER 01054nam a2200205 i 4500 001 000000044473 003 CaOOAMICUS 005 20240411145222.0 008 120801s1734 it u000 u ita u 013 $a15643 026 $ao,te i.9. ram- chgl (3) 1734 (R) 040 $aSeMil$bita 245 00$aTomo 1. 300 $a[4], xxxii, 744, [20] p. 500 $aSegn.: ?² a-d? A-5B? 5C? 773 0 $aGotti, Vincenzo Ludovico <1664-1742>$tVera Chiesa di Cristo dimostrata da' segni, e da' dogmi contra i due libri di Giacomo Picenino ... Opera dell'emin. e rev. cardinale fr. Vincenzo Lodovico Gotti ... seconda edizione corretta e notabilmente accresciuta dal medesimo autore ..$dIn Milano : Nella regio-ducal corte, per Giuseppe Richino Malatesta stampatore regio-camerale. Si vendono da Giuseppe Cairoli libraro sotto al portico de' Figini, 1734.$g1$w()27174 850 $aSeMil 852 $aSeMil$W1$xVenegono$y1$m2B V 51 FA$j10628$B10628$CSeMilBibl$Z2$F10628 $8I 996 $6245$aTomo 1$9(OLS)http://semarc/title/46685